| 000 | 00817 a2200241 4500 | ||
|---|---|---|---|
| 003 | Nust | ||
| 005 | 20241220095739.0 | ||
| 020 | _a0-07-032291-0 | ||
| 040 | _cNust | ||
| 082 | _a621.384 135 | ||
| 082 | _a621.384 135 | ||
| 245 | 0 | 0 |
_aAntenna engineering handbook / _ced. Richard C. Johnson, Henry Jasik |
| 250 | _a2. ed. | ||
| 260 |
_aNew York : _bMcGraw-Hill, _ccop. 1984 |
||
| 300 |
_a[1345] s. (var. pag.) : _bdiagr., ill., tab. |
||
| 505 | _aIntroduction to Fundamentals (Page 1-3), Types and Design Methods (Page 4-3), Applications (Page 24-2), Topices Assocated with Antennas (Page 42-3). | ||
| 520 | _aAlimrah No.126, Shelf No.4 | ||
| 650 | 4 |
_aAntenner _998047 |
|
| 650 | 4 |
_aAntenner _998047 |
|
| 700 | 1 |
_aJasik, Henry _4edt _975503 |
|
| 700 | 1 |
_aJohnson, Richard C. _4edt _9127208 |
|
| 942 |
_2ddc _cBK |
||
| 999 |
_c195117 _d195117 |
||